Percy Jackson Surnames Quiz Stats

 Plays Quiz Updated Apr 27, 2015

Challenge
Share
Tweet
Embed
Score 0/27 Timer 06:00
2 Plays Today
First Name Surname % Correct
PercyJackson
99.6%
AnnabethChase
92.5%
NicoDi Angelo
83%
GroverUnderwood
82.6%
ThaliaGrace
79.2%
ZoeNightshade
75.4%
ClarisseLa Rue
71.4%
TravisStoll
70.7%
LeoValdez
69.5%
CharlesBeckendorf
67.8%
PiperMcLean
66.4%
GleesonHedge
64.9%
LukeCastellan
64.9%
FrankZhang
61.8%
First Name Surname % Correct
RachelDare
61.2%
WillSolace
58%
HazelLevesque
53.9%
SilenaBeauregard
52.7%
GabeUgliano
51.2%
EthanNakamura
48%
PaulBlofis
47%
MichaelYew
44.9%
KatieGardner
42.5%
LeeFletcher
38.5%
ChrisRodriguez
35.3%
Drew Tanaka
31.2%
ReynaRamírez-Arellano
30%

You're not logged in!

Compare scores with friends on all Sporcle quizzes.
Join for Free
OR
Log In

You Might Also Like...

Show Comments

Extras

Top Quizzes Today


Score Distribution

Your Account Isn't Verified!

In order to create a playlist on Sporcle, you need to verify the email address you used during registration. Go to your Sporcle Settings to finish the process.

Report this User

Report this user for behavior that violates our Community Guidelines.

Details: